नोकरी करणारांसाठी मार्गदर्शन (Record no. 404128)

MARC details
000 -LEADER
fixed length control field 00604nam a2200145Ia 4500
008 - FIXED-LENGTH DATA ELEMENTS--GENERAL INFORMATION
fixed length control field 100122s9999 xx 000 0 und d
082 ## - DEWEY DECIMAL CLASSIFICATION NUMBER
Item number 13298
Classification number 332.41
100 ## - MAIN ENTRY--PERSONAL NAME
Personal name नातू मोरेश्वर नारायण
245 ## - TITLE STATEMENT
Title नोकरी करणारांसाठी मार्गदर्शन
260 ## - PUBLICATION, DISTRIBUTION, ETC. (IMPRINT)
Name of publisher, distributor, etc उद्यम प्रकाशन
Date of publication, distribution, etc 1965
300 ## - PHYSICAL DESCRIPTION
Extent 52
630 ## - SUBJECT ADDED ENTRY--UNIFORM TITLE
Uniform title नोकरी करणारांसाठी मार्गदर्शन
730 ## - ADDED ENTRY--UNIFORM TITLE
Uniform title नोकरी करणारांसाठी मार्गदर्शन
942 ## - ADDED ENTRY ELEMENTS (KOHA)
Koha item type Book

No items available.